| 000 | 00510nam a2200157Ia 4500 | ||
|---|---|---|---|
| 008 | 230907s9999||||xx |||||||||||||| ||und|| | ||
| 082 |
_a621.31 _bAFS |
||
| 100 |
_aAfshan Qamar (00000171530) _9116394 |
||
| 245 | 0 | _aDetermination of optimal online degradation rate computation model for PV systems / | |
| 260 |
_aUSPCAS-E, NUST, _bIslamabad : _c2018 |
||
| 300 | _axv, 68 p. | ||
| 520 | _aTH-109 | ||
| 650 |
_aMS-EEP Thesis MS Thesis _9116395 |
||
| 700 |
_aDr Syed Ali Abbas Kazmi _9117439 |
||
| 942 |
_cTHE _2ddc |
||
| 999 |
_c601788 _d601788 |
||